000 01106nam0a22002291i 4500
001 rc\4355612
005 20240724152007.0
021 _aRU
_b[67-71]
035 _a(NLR Aleph) 008280814
090 _a8515154
_c8515154
100 _a20130416d1966 |||y0rusy50 ca
101 0 _arus
102 _aRU
105 _ay d |||||
200 1 _aСовершенствование планирования размещения и специализации сельского хозяйства с использованием методов математического программирования
_e(На примере Гомел. обл. БССР)
_eАвтореферат дис. на соискание учен. степени канд. экон. наук
_fМоск. ин-т нар. хоз-ва им. Г.В. Плеханова. Кафедра экон. кибернетики
210 _aМосква
_d1966
215 _a16 с.
700 1 _aЖихар
_bЯ.Н.
_gЯрослав Николаевич
801 0 _aRU
_bNLR
_gpsbo
801 1 _aRU
_bELAR
_2rusmarc
852 _aNLR
_j67-6/3602
942 _cBOOK